Normal view
MARC view
- Bailey, Mildred
Entry Personal Name
001 - CONTROL NUMBER
- control field: 4809
003 - CONTROL NUMBER IDENTIFIER
- control field: OSt
005 - DATE AND TIME OF LATEST TRANSACTION
- control field: 20170516085615.0
008 - FIXED-LENGTH DATA ELEMENTS
- fixed length control field: 170516|| aca||aabn | a|a d
040 ## - CATALOGING SOURCE
- Original cataloging agency: OSt
- Transcribing agency: OSt
100 ## - HEADING--PERSONAL NAME
- Personal name: Bailey, Mildred
670 ## - SOURCE DATA FOUND
- Source citation: Work cat.: (OSt)0: Making choices :, 1986

PORTAL AKMAL
E-MEL JKDM
AKMAL2U
G-BAM
u-PUSTAKA